00707 2200181 4500245002600000020002200026250001100048100001400059700000800073650001700081005001900098260004000117041001400157084001100171300002300182500031100205336000900516 aHopecYustika MhText a978-602-208-162-3 aCet. 2 aYustika M afLo aNovel Remaja a20231002130608 aYogyakartabGradien Mediatamac2018 aIndonesia a808.83 a308 hlm. :c19 cm. aMenceritakan tentang Selly Ardania yang sudah lama menyukai Davin Radipta, salah satu cowok populer di SMA Cendana. Selama ini yang bisa Selly lakukan hanya memerhatikannya dari jauh. Hingga suatu hari takdir yang tidak terduga mendekatkan Selly dengan Davin, membuat dia semakin berharap pada perasaannya. atext